Normal view
MARC view
- Ahmed,Sadaf Munir
Entry Personal Name
001 - CONTROL NUMBER
- control field: 5094
003 - CONTROL NUMBER IDENTIFIER
- control field: NUST
005 - DATE AND TIME OF LATEST TRANSACTION
- control field: 20170928135058.0
008 - FIXED-LENGTH DATA ELEMENTS
- fixed length control field: 170928|| aca||aabn | a|a d
040 ## - CATALOGING SOURCE
- Original cataloging agency: NUST
- Transcribing agency: NUST
100 ## - HEADING--PERSONAL NAME
- Personal name: Ahmed,Sadaf Munir
670 ## - SOURCE DATA FOUND
- Source citation: Work cat.: (NUST): Ahmed,Sadaf Munir, Socio-economic determinants of maternal healthcare behavior: evidence from Pakistan, 2015
